000 00551nam a22002057a 4500
999 _c176
_d176
003 OSt
005 20251009020002.0
008 140710b xxu||||| |||| 00| 0 eng d
020 _a9781451144611
040 _cLCD
082 _aQS604 2006
100 _aSadler T.W.
_9459
245 _aLangman's Medical Embrology
250 _a10th ed.
260 _aLondon:
_bLippincot Williams & Wilkins;
_c2006.
300 _axii : 371 p. ;
_bcol.ill ,
_c26 cm.
504 _aIncludes answers and Index
650 _aHuman embryology
_9460
942 _2z
_cB_BANK
_01